Top 5 Biggest Cities in Antigua and Barbuda by Population - Statistics

General Stats
  • This quiz has been taken 7 times
  • The average score is 2 of 5
Answer Stats
Population City % Correct
22.2k St. John's
100%
3.5k All Saints
60%
2.0k Liberta
20%
2.1k Bolans
0%
1.9k Piggotts
0%
No matching quizzes found
Score Distribution
Percent of People with Each Score
Percentile by Number Answered
Your Score History
You have not taken this quiz